Catálogo

COMO ENSEÑAR A HACER COSAS CON LAS PALABRAS (Registro nro. 33016)

Detalles MARC
000 -LEADER
fixed length control field 00325nam a2200121 a 4500
001 - CONTROL NUMBER
control field 33016
005 - DATE AND TIME OF LATEST TRANSACTION
control field 20180714000810.0
008 - FIXED-LENGTH DATA ELEMENTS--GENERAL INFORMATION
fixed length control field 140415s2010 000 0 spa d
041 ## - LANGUAGE CODE
Language code of text/sound track or separate title spa
245 00 - TITLE STATEMENT
Title COMO ENSEÑAR A HACER COSAS CON LAS PALABRAS
250 ## - EDITION STATEMENT
Edition statement 2A EDICIÓN
260 ## - PUBLICATION, DISTRIBUTION, ETC.
Place of publication, distribution, etc. [s.l.] :
Name of publisher, distributor, etc. PAIDOS,
Date of publication, distribution, etc. 2010
Existencias
Withdrawn status Lost status Source of classification or shelving scheme Damaged status Not for loan Collection code Home library Current library Shelving location Date acquired Source of acquisition Total Checkouts Barcode Price effective from Koha item type
    Dewey Decimal Classification   Consulta en sala General Tehuacán Tehuacán Sala general 03/12/2013 Compra   507992 03/12/2013 Reserva permanente